Najväčšie finančné podvody v histórii

Tradičné druhy kriminality v bankovníctve a nové druhy v súvislosti s elektronickým bankovníctvom. Prípad banky Société Générale - dopady podvodu na banku.

Gespeichert in:
Bibliographische Detailangaben
1. Verfasser: Korauš, Antonín
Format: Buchkapitel
Sprache:Slowakisch
Schlagworte:
Tags: Tag hinzufügen
Keine Tags, Fügen Sie das erste Tag hinzu!

MARC

LEADER 00000naa a2200000 4500
001 0126862
005 20240502083320.9
041 0 |a slo 
044 |a CZ 
245 1 0 |a Najväčšie finančné podvody v histórii  |c Anton Korauš 
520 |a Tradičné druhy kriminality v bankovníctve a nové druhy v súvislosti s elektronickým bankovníctvom. Prípad banky Société Générale - dopady podvodu na banku. 
610 2 0 |a bankovníctvo elektronické 
610 2 0 |a podvody 
610 2 0 |a činnosť trestná 
100 1 |a Korauš, Antonín